000 00308pab a2200145 454500
008 180718b1990 xxu||||| |||| 00| 0 eng d
100 _aKurup, N.P.
245 _aProductivity in banks
260 _c1990
300 _a3-16
362 _aJan.
650 _aBanks
773 _aMonthly Review
909 _a4235
999 _c4235
_d4235